000 00520nam a2200169Ia 4500
003 OSt
005 20200213153133.0
008 190216s9999||||xx |||||||||||||| ||und||
040 _coclc
082 _a297.61
_bABD/M
100 _aAbdulkareem, K K Muhammed
_91871
245 0 _aMakthi Thangalude Sampoornakrithikal /
_c K K Muhammed Abdulkareem
260 _bVachanam Books,
_c2012.
_aKozhikode:
300 _a792p
650 _aIslamic History
942 _cBK
_2ddc
_h297.61
_iABD/M
_k297.61
_mABD/M
999 _c22921
_d22921